Piłkarze z największą liczbą występów w Premier League - Statystyki

Ogólne statystyki
  • Ten quiz został rozwiązany 204 razy
  • Średni wynik to 3 z 10
Statystyki odpowiedzi
Miejsce Piłkarz Pozycja Liczba występów Lata gry % Poprawnych
4 Frank Lampard Środkowy pomocnik 609 1996-2015
73%
3 Ryan Giggs Lewy pomocnik 632 1992-2014
69%
2 James Milner Środkowy pomocnik 634 2002-obecnie
61%
10 Phil Neville Prawy obrońca 505 1995-2013
39%
1 Gareth Barry Defensywny pomocnik 653 1998-2018
28%
5 David James Bramkarz 573 1992-2010
19%
9 Jamie Carragher Środkowy obrońca 508 1997-2013
15%
8 Mark Schwarzer Bramkarz 514 1997-2015
9%
7 Emile Heskey Środkowy napastnik 516 1995-2012
4%
6 Gary Speed Lewy pomocnik 535 1992-2008
1%
Nie znaleziono quizów pasujących do podanych kryteriów
Rozkład punktacji
Procent ludzi z każdym wynikiem
Percentyl według liczby udzielonych odpowiedzi
Twoja historia wyników
Nie rozwiązałeś tego quizu